| 000 | 00787nam a2200229Ia 4500 | ||
|---|---|---|---|
| 001 | 17110 | ||
| 003 | GE_BSU | ||
| 008 | 181216s||||||||xx |||||||||||||| ||und|| | ||
| 040 | _cGE_BSU | ||
| 080 | _a821.353.1(092წყერეთელი, ა.) | ||
| 100 | _aასათიანი, ლ. | ||
| 245 | _aცხოვრება აკაკი წერეთლისა | ||
| 245 | _cრედ.ც.ცერცვაძე | ||
| 250 | _aმე-2 გამოც | ||
| 260 | _aთბილისი | ||
| 260 | _bნაკადული | ||
| 260 | _c1965 | ||
| 300 | _a501გვ. : 1ფ. პორტრ. ; 23სმ | ||
| 653 | _aცხოვრება აკაკი წერეთლისა. | ||
| 653 | _aწერეთელი, აკაკი; | ||
| 942 | _cBK | ||
| 999 |
_c50172 _d50172 |
||